| 000 | 00776nam a2200169Ia 4500 | ||
|---|---|---|---|
| 008 | 191130s1978##################000#0#eng## | ||
| 020 | _a9780422762502 | ||
| 040 |
_aACL _cACL |
||
| 082 | _a016.301 ROU | ||
| 245 |
_aInternational bibliography of social and cultural anthropology = Bibliographie internationale d'anthropologie sociale et culturelle / vol. 21 _cprepared by the International Committee for Social Science Information and Documentation = établie par le Comité international pour l'information et la documentation en sciences sociales, 1975 |
||
| 260 |
_aLondon ; New York _bRoutlege _c1978 |
||
| 300 | _axxxvii, 569 p. ; 25 cm | ||
| 650 | _aAnthropology -- Bibliography | ||
| 990 | _af03154deac10000c774f2b8123992610 | ||
| 991 | _a127218 | ||
| 999 |
_c217537 _d217537 |
||